Managing Human Resources (Record no. 11220)
[ view plain ]
| 000 -LEADER | |
|---|---|
| fixed length control field | 00474 a2200157 4500 |
| 020 ## - INTERNATIONAL STANDARD BOOK NUMBER | |
| International Standard Book Number | 8176357014 |
| 082 ## - DEWEY DECIMAL CLASSIFICATION NUMBER | |
| Classification number | 650 |
| 090 ## - LOCALLY ASSIGNED LC-TYPE CALL NUMBER (OCLC); LOCAL CALL NUMBER (RLIN) | |
| -- | 7417 |
| -- | 7417 |
| 100 ## - MAIN ENTRY--PERSONAL NAME | |
| Personal name | Penguin Group Inc. |
| 245 ## - TITLE STATEMENT | |
| Title | Managing Human Resources |
| Remainder of title | Every manager's desk reference series-II |
| Statement of responsibility, etc. | Penguin Group Inc. |
| 260 ## - PUBLICATION, DISTRIBUTION, ETC. | |
| Place of publication, distribution, etc. | New Delhi (India) |
| Name of publisher, distributor, etc. | Techmedia |
| Date of publication, distribution, etc. | 2003 |
| 300 ## - PHYSICAL DESCRIPTION | |
| Extent | 384-612 p. ; |
| Other physical details | ill.; |
| Dimensions | 24 cm. |
| 500 ## - GENERAL NOTE | |
| General note | Includes index |
| 650 ## - SUBJECT ADDED ENTRY--TOPICAL TERM | |
| Topical term or geographic name entry element | 1. Management--Handbooks, manuas, etc. |
| 942 ## - ADDED ENTRY ELEMENTS (KOHA) | |
| Koha item type | Book |
| Call number prefix | 650 PEN |
| Withdrawn status | Lost status | Damaged status | Not for loan | Permanent Location | Current Location | Total Checkouts | Full call number | Barcode | Date last seen | Price effective from | Koha item type |
|---|---|---|---|---|---|---|---|---|---|---|---|
| Central Library (CL) | Central Library (CL) | 650 PEN | SEECSD00647 | 11/14/2012 | 11/14/2012 | Book |
